[Event "COL-chT (Women)"]
[Site "Risaralda"]
[Date "2023.11.19"]
[Round "1.1"]
[White "Diaz Minotta, Marley Clariza"]
[Black "Onate, Ana Milena"]
[Result "1/2-1/2"]
[WhiteElo "1390"]
[BlackElo "1756"]
[PlyCount "64"]
[EventDate "2023.11.19"]
[EventType "team-swiss"]
[EventRounds "7"]
[EventCountry "COL"]
[SourceTitle "CB49_2023"]
[SourceDate "2023.12.06"]
[SourceVersion "1"]
[SourceVersionDate "2023.12.06"]
[SourceQuality "1"]
[WhiteTeam "Choco (W)"]
[BlackTeam "La Guajira (W)"]
[WhiteTeamCountry "COL"]
[BlackTeamCountry "COL"]

1. e4 c5 2. Bc4 Nc6 3. Nf3 d6 4. Nc3 Nf6 5. 0-0 g6 6. d4 cxd4 7. Nxd4 Bd7 8. Re1 Bg7 9. h3 0-0 10. Nd5 Rc8 11. b3 Nxd4 12. Qxd4 Nxd5 13. Qxd5 Bxa1 14. Bh6 Bg7 15. Bxg7 Kxg7 16. Qd4+ Kg8 17. Qd2 b5 18. Bf1 Qb6 19. c4 a6 20. Qc3 Be6 21. e5 dxe5 22. Rxe5 bxc4 23. Bxc4 Bxc4 24. bxc4 e6 25. c5 Qc6 26. Qd2 f5 27. Qd6 Rfe8 28. Qxc6 Rxc6 29. f4 Kf7 30. Kf2 Rd8 31. g4 fxg4 32. hxg4 Rd5 1/2-1/2

[Event "COL-chT (Women)"]
[Site "Risaralda"]
[Date "2023.11.19"]
[Round "2.1"]
[White "Melgarejo Suarez, Aritna Valentina"]
[Black "Diaz Minotta, Marley Clariza"]
[Result "1-0"]
[WhiteElo "1691"]
[BlackElo "1390"]
[PlyCount "61"]
[EventDate "2023.11.19"]
[EventType "team-swiss"]
[EventRounds "7"]
[EventCountry "COL"]
[SourceTitle "CB49_2023"]
[SourceDate "2023.12.06"]
[SourceVersion "1"]
[SourceVersionDate "2023.12.06"]
[SourceQuality "1"]
[WhiteTeam "Boyaca (W)"]
[BlackTeam "Choco (W)"]
[WhiteTeamCountry "COL"]
[BlackTeamCountry "COL"]

1. e4 e5 2. Nf3 Nc6 3. Bc4 Nf6 4. d3 h6 5. c3 d5 6. exd5 Nxd5 7. 0-0 Bc5 8. Re1 f6 9. d4 Bd6 10. Bxd5 Ke7 11. Bxc6 bxc6 12. dxe5 fxe5 13. Nxe5 Kf8 14. Qf3+ Qf6 15. Qxf6+ gxf6 16. Ng6+ Kg7 17. Nxh8 Kxh8 18. Bxh6 Bf5 19. Nd2 Kh7 20. Be3 Re8 21. Bxa7 Rxe1+ 22. Rxe1 Bf4 23. Be3 Bxe3 24. Rxe3 Kg7 25. Re7+ Kf8 26. Rxc7 Be4 27. Nxe4 f5 28. a4 fxe4 29. a5 Ke8 30. a6 Kd8 31. Rh7 1-0